Guidelines for the use of GPS in surveying and mapping (Record no. 101977)
[ view plain ]
| 000 -LEADER | |
|---|---|
| fixed length control field | 01003cam a2200241 4500 |
| 008 - FIXED-LENGTH DATA ELEMENTS--GENERAL INFORMATION | |
| fixed length control field | 020404n2003 000 0 eng u |
| 020 ## - INTERNATIONAL STANDARD BOOK NUMBER | |
| International Standard Book Number | 1842190938 |
| 035 ## - SYSTEM CONTROL NUMBER | |
| System control number | (Sirsi) u117356 |
| 041 0# - LANGUAGE CODE | |
| Language code of text/sound track or separate title | eng |
| 050 04 - LIBRARY OF CONGRESS CALL NUMBER | |
| Classification number | 526.9823 $2 18 |
| 110 2# - MAIN ENTRY--CORPORATE NAME | |
| Corporate name or jurisdiction name as entry element | Royal Institution of Chartered Surveyors |
| 9 (RLIN) | 4900 |
| 245 00 - TITLE STATEMENT | |
| Title | Guidelines for the use of GPS in surveying and mapping |
| 260 ## - PUBLICATION, DISTRIBUTION, ETC. | |
| Place of publication, distribution, etc. | London |
| Name of publisher, distributor, etc. | RICS |
| Date of publication, distribution, etc. | 2003 |
| 300 ## - PHYSICAL DESCRIPTION | |
| Extent | 99p. |
| Dimensions | 30cm. |
| 490 #0 - SERIES STATEMENT | |
| Series statement | RICS Guidance Note |
| 520 ## - SUMMARY, ETC. | |
| Summary, etc. | Provides surveyors and their clients with guidelines for the use of Global Positioning Systems (GPS) in land surveying. Includes a glossary. Effective from 1 June 2003. |
| 520 ## - SUMMARY, ETC. | |
| Summary, etc. | Superseded by second edition (ISBN 9781842196076). |
| 651 ## - SUBJECT ADDED ENTRY--GEOGRAPHIC NAME | |
| Geographic name | International |
| 690 ## - LOCAL SUBJECT ADDED ENTRY--TOPICAL TERM (OCLC, RLIN) | |
| Topical term or geographic name as entry element | ENVIRONMENTAL AND LAND CONSULTANCY-GEOMATICS-MAPPING AND POSITIONING |
| 856 41 - ELECTRONIC LOCATION AND ACCESS | |
| Host name | uhttp://www.rics.org/site/scripts/download_info.aspx?downloadID=2657zView the guidance free of charge at www.rics.org/guidance... |
| 942 ## - ADDED ENTRY ELEMENTS (KOHA) | |
| Suppress in OPAC | 0 |
| Withdrawn status | Lost status | Source of classification or shelving scheme | Damaged status | Not for loan | Home library | Current library | Shelving location | Date acquired | Total Checkouts | Full call number | Barcode | Date last seen | Copy number | Price effective from | Koha item type |
|---|---|---|---|---|---|---|---|---|---|---|---|---|---|---|---|
| Dewey Decimal Classification | London | London | RICS Boxes | 27/04/2009 | RICS 2003/25 | 30067279 | 06/08/2019 | 1 | 06/08/2019 | Archive | |||||
| Dewey Decimal Classification | London | London | RICS Boxes | 02/04/2014 | RICS 2003/25 | 30067280 | 06/08/2019 | 2 | 06/08/2019 | Book | |||||
| Dewey Decimal Classification | London | London | Books | 14/05/2014 | RICS 2003/25 | 30087282 | 06/08/2019 | 3 | 06/08/2019 | Book | |||||
| Dewey Decimal Classification | Virtual | Virtual | Online | 16/08/2006 | ONLINE PUBLICATION | 117356-3001 | 06/08/2019 | 1 | 06/08/2019 | Book |